| 000 | 00864cam a22002891 4500 | ||
|---|---|---|---|
| 001 | 10173777 | ||
| 003 | ARRUPE | ||
| 005 | 20131220133855.0 | ||
| 008 | 780331s1936 xx 000 0 eng | ||
| 010 | _a 36013172 | ||
| 035 | _a(OCoLC)3768209 | ||
| 040 |
_aDLC _cOT _dDLC |
||
| 042 | _apremarc | ||
| 050 | 0 | 0 |
_aSB453 _b.R73 1936 |
| 082 | _a635.9 | ||
| 100 | 1 |
_aRohde, Eleanour Sinclair. _96248 |
|
| 245 | 1 | 4 |
_aThe scented garden, _cby Eleanour Sinclair Rohde. |
| 260 |
_aBoston, _bHale, Cushman & Flint _c[c1936] |
||
| 300 |
_a7 p. l., 311, [1] p. _bfront., plates. _c23 cm. |
||
| 500 | _a"Fourth printing, March 1936." | ||
| 500 | _a"Plant lists": p. [259]-304. | ||
| 650 | 0 |
_aFloriculture. _96249 |
|
| 650 | 0 |
_aFlowers _xOdor. _96250 |
|
| 650 | 0 |
_aPerfumes. _96251 |
|
| 906 |
_a7 _bcbc _coclcrpl _du _encip _f19 _gy-gencatlg |
||
| 942 |
_2lcc _cMONOGRAPH |
||
| 999 |
_c119434 _d119434 |
||